| 000 | 01101nam a2200313 a 4500 | ||
|---|---|---|---|
| 001 | 000020622 | ||
| 003 | DO-SdBPM | ||
| 005 | 20260521070949.0 | ||
| 007 | ta | ||
| 008 | 100811s2019 dr 000 j spa d | ||
| 020 | _a9789945503487 | ||
| 040 |
_aDO-SdBPM _bspa _cBPMSU _drda |
||
| 082 | 4 |
_aRD863.4408 _bD542t 2019 _222 |
|
| 100 | 1 |
_aDíaz Grullón, Virgilio, _d1924-2001 _eautor _4aut. |
|
| 245 | 1 | 0 |
_aTodas las narraciones / _cVirgilio Díaz Grullón. |
| 260 |
_aSanto Domingo : _bEditora Nacional, _c2019. |
||
| 300 |
_a338 páginas ; _c23 cm. |
||
| 336 |
_atexto _btxt _2rdacontent |
||
| 337 |
_asin mediación _bn _2rdamedia |
||
| 338 |
_avolumen _bnc _2rdacarrier |
||
| 490 | 0 |
_aNarrativa ; _aHomenaje |
|
| 500 | _aIncluye datos biográficos del autor en la solapa de la cubierta | ||
| 500 | _aIncluye referencias biobliográficas y notas al pie de las páginas | ||
| 590 | _aInventariado, 2026/VM | ||
| 650 | 7 |
_aCuentos dominicanos _vColecciones |
|
| 650 | 7 |
_aLiteratura dominicana. _xcrítica e interpretación |
|
| 910 | _aVMateo V. Control de calidad. BPMSU | ||
| 942 |
_2ddc _cBK |
||
| 999 |
_c15859 _d15859 |
||